| 000 | 00639nam a22001937a 4500 | ||
|---|---|---|---|
| 999 |
_c170087 _d170087 |
||
| 005 | 20191210165311.0 | ||
| 010 | _aB-12717 | ||
| 020 | _c125.00 | ||
| 035 | _aB-12717 | ||
| 037 | _bBPPD/Pub. | ||
| 082 | _a401 | ||
| 100 | _aزیدی خوشحال | ||
| 245 |
_aاردو کی درسی کوتوب میں جبول وطنی / _cخوشحال زیدی |
||
| 246 |
_aUrdu ki Darasi Qutub Mein Hubbul Watani (Urdu) / _bby Khush haal Zaidi |
||
| 260 |
_aNew Delhi _bBuzme Khizre Rah _c1999 ء |
||
| 270 |
_a80, Ghaffar Manzil, Jamia Nagar _bNew Delhi _e110025 |
||
| 300 |
_a112p. _c23cm(Hb) |
||
| 942 |
_2ddc _cUR _h840 _mز ی د |
||